• 首页
  • 本馆介绍
  • 公告通知
  • 最新文献
  • 馆藏检索
  • 电子资源
  • 读者导购
  • 参考咨询
  • 我的图书馆
  • 登录
  • 详细信息显示
  • 放入我的书架
  • 预约/预借图书
  • 作者相关作品
  • 分类相关作品
  • 丛书相关作品
  • 出版社相关作品

书目信息

  • 表格格式
  • 工作单格式
  • 卡片格式
题名:
微生物功能基因组学及病原细菌的致病机制研究
    
 
作者: 林金水, 著
分册:  
出版信息: 长春   吉林大学出版社  2019
页数: 222页
开本: 26cm
丛书名:
单 册:
中图分类: Q933 , R378
科图分类:
主题词: 微生物--Wei Sheng Wu--基因组--研究 , 病原细菌--Bing Yuan Xi Jun--致病因素--研究
电子资源:
ISBN: 978-7-5692-4167-9
000 01282nam0 2200289 450
001 012001002707
005 20140101134615.0
010    @a978-7-5692-4167-9@dCNY59.00
099    @aCAL 012019068200
100    @a20190527d2019 ekmy0chiy50 ea
101 0  @achi
102    @aCN@b220000
105    @aak a 000yy
106    @ar
200 1  @a微生物功能基因组学及病原细菌的致病机制研究@AWei Sheng Wu Gong Neng Ji Yin Zu Xue Ji Bing Yuan Xi Jun De Zhi Bing Ji Zhi Yan Jiu@f林金水著
210    @a长春@c吉林大学出版社@d2019
215    @a222页@c图@d26cm
300    @a国家自然科学基金资助项目(项目批准号31700031、31860012) 陕西省自然科学基础研究计划资助项目(项目批准号2018JQ3004)
320    @a有书目 (第208-222页)
330    @a本书很好地整合了微生物功能基因组学的知识要点,如基因组学概述、如何利用基因组数据、基因功能预测的技术方法、DNA微阵列技术及其在基因表达数据分析等。同时,随着现代生物技术的完善和渗透,极大地推动了病原生物研究及其相应临床工作的发展,并由此产生了许多新的诊断治疗病原疾病的理论和技术。
606 0  @a微生物@AWei Sheng Wu@x基因组@x研究
606 0  @a病原细菌@ABing Yuan Xi Jun@x致病因素@x研究
690    @aQ933@v4
690    @aR378@v4
701  0 @a林金水,@ALin Jin Shui@f1983-@4著
801  0 @aCN@b北京卓展@c20191020
905    @b1204247-50@dQ933@e104@f4
    
    微生物功能基因组学及病原细菌的致病机制研究/林金水著.-长春:吉林大学出版社,2019
    222页:图;26cm
    国家自然科学基金资助项目(项目批准号31700031、31860012) 陕西省自然科学基础研究计划资助项目(项目批准号2018JQ3004)
    
    ISBN 978-7-5692-4167-9:CNY59.00
    本书很好地整合了微生物功能基因组学的知识要点,如基因组学概述、如何利用基因组数据、基因功能预测的技术方法、DNA微阵列技术及其在基因表达数据分析等。同时,随着现代生物技术的完善和渗透,极大地推动了病原生物研究及其相应临床工作的发展,并由此产生了许多新的诊断治疗病原疾病的理论和技术。
●
相关链接 在E读中查询图书 在五车中查询图书 在当当中查询图书 在豆瓣中查询图书


正题名:微生物功能基因组学及病原细菌的致病机制研究     索取号:Q933/104         预约/预借

序号 登录号 条形码 馆藏地/架位号 状态 备注
1 1204247   212042476   第二样本阅览室/ [索取号:Q933/104] 在馆    
2 1204248   212042485   第三借阅区/ [索取号:Q933/104] 在馆    
3 1204249   212042494   第三借阅区/ [索取号:Q933/104] 在馆    
4 1204250   212042500   第三借阅区/ [索取号:Q933/104] 在馆    
唐山师范学院图书馆 欢迎您!
大连网信软件有限公司© 版权所有